| 000 | 00701cam a2200193 4500 | ||
|---|---|---|---|
| 001 | WB3610-18 | ||
| 008 | 000000n2000 000 0 eng u | ||
| 035 | _a(Sirsi) u104560 | ||
| 245 | _aGreen reports | ||
| 260 | _c2000 | ||
| 490 |
_aFinancial Times _v3 March 2000, 6(1) |
||
| 520 | _aGovernment has warned that it will name and shame companies that fail to report their impact on the environment. A system of mandatory reporting will be introduced if the existing voluntary approach does not work fast enough. | ||
| 590 | _aWB | ||
| 650 | _aENVIRONMENTAL IMPACT | ||
| 650 | _aENVIRONMENTAL AUDITS | ||
| 650 | _aCOMPANY REPORTS | ||
| 690 | _aENVIRONMENTAL AND LAND CONSULTANCY | ||
| 942 | _n0 | ||
| 999 |
_c62744 _d62744 |
||